000 00338nam a22001217a 4500
008 231124b |||||||| |||| 00| 0 eng d
020 _a0816309634
050 _aBS390
_b.B53 1990 c.1
245 _aBible Readings :
_bbible questions answered
260 _aColumbia
_bBetter living publications
_c2020
300 _a332p.
942 _2lcc
_cBK
999 _c20412
_d20411